On This Day: October 28th II Quiz Stats

 Plays Quiz Updated Oct 28, 2018

Score 0/7 Timer 03:00
0 Plays Today
Question Answer Wrong Answers
This American actress and producer, who became a Hollywood star after headlining the romantic comedy ‘Pretty Woman’, is born.
1967
Julia Roberts
95.6%
Sandra Bullock
1.1%
Angelina Jolie
0.7%
Nicole Kidman
1%
The Nobel Prize for Literature is awarded to ______, shortly after the publication of ‘The Old Man and the Sea’.
1954
Ernest Hemingway
92.7%
F. Scott Fitzgerald
2.2%
William Faulkner
1.9%
J. D. Salinger
1.8%
The Flag of ______, which features a blue hexagram on a white background, between two horizontal blue stripes, is adopted.
1948
Israel
73.3%
Greece
15.5%
Argentina
5.6%
El Salvador
4.5%
Czechoslovakia gains independence as this nation breaks up.
1918
Austria-Hungary
60.2%
Ottoman Empire
17.8%
German Empire
6.2%
Yugoslavia
15.5%
This ice hockey player, who was known for revolutionizing the position of defenseman, and previously led Boston to its first Stanley Cup in 29 years, scores his last career NHL goal.
1978
Bobby Orr
57.7%
Wayne Gretzky
19.1%
Mario Lemieux
4.9%
Gordie Howe
16.6%
Based on the novel by Richard Llewellyn, this film, which will famously beat ‘Citizen Kane’ for the Best Picture Oscar, premieres in New York.
1941
How Green Was My Valley
54.4%
The Grapes of Wrath
19.7%
How the West Was Won
6.2%
It Happened One Night
18.9%
Though there were no opening or closing ceremonies, competitions for the Games of the II Olympiad in ______ end.
1900
Paris
53.3%
Los Angeles
2.7%
Athens
37.3%
Berlin
6.6%

You're not logged in!

Compare scores with friends on all Sporcle quizzes.
OR
Log In

Sporcle TV

Today on Sporcle TV


Watch our educational content, quiz creation guides, and fun videos on Sporcle TV.

Show Comments

Extras

Top Quizzes Today


Score Distribution

Your Account Isn't Verified!

In order to create a playlist on Sporcle, you need to verify the email address you used during registration. Go to your Sporcle Settings to finish the process.

Report this User

Report this user for behavior that violates our Community Guidelines.

Details: